Nociones fundamentales de Derecho económico y social / (Record no. 145142)

MARC details
000 -LEADER
campo de control de longitud fija 00581nam a2200181 4500
001 - NÚMERO DE CONTROL
campo de control 145142
003 - IDENTIFICADOR DE NÚMERO DE CONTROL
campo de control ES-MaACL
005 - FECHA Y HORA DE LA ÚLTIMA TRANSACCIÓN
campo de control 20230906201154.0
007 - CAMPO FIJO DE DESCRIPCIÓN FÍSICA--INFORMACIÓN GENERAL
campo de control de longitud fija t|
008 - DATOS DE LONGITUD FIJA--INFORMACIÓN GENERAL
campo de control de longitud fija 070214s1977 sp r ||||1| spa d
100 1# - ENTRADA PRINCIPAL--NOMBRE DE PERSONA
Nombre de persona Soto Sánchez, Oscar David.
9 (RLIN) 107531
245 10 - MENCIÓN DEL TÍTULO
Título Nociones fundamentales de Derecho económico y social /
Mención de responsabilidad, etc. Oscar David Soto Sánchez.
250 ## - MENCION DE EDICION
Mención de edición 2ª. ed.
260 ## - PUBLICACIÓN, DISTRIBUCIÓN, ETC.
Lugar de publicación, distribución, etc. Valencia (Venezuela) :
Nombre del editor, distribuidor, etc. Universidad de Carabobo,
Fecha de publicación, distribución, etc. 1977.
300 ## - DESCRIPCIÓN FÍSICA
Extensión 190 p. ;
Dimensiones 21 cm.
710 2# - ENTRADA AGREGADA--NOMBRE DE ENTIDAD CORPORATIVA
Nombre de entidad corporativa o nombre de jurisdicción como elemento de entrada Universidad de Carabobo (Venezuela)
9 (RLIN) 7161
852 ## - LOCALIZACIÓN
Ubicación ES-MaACL
Número de control de estantería A-6531
Sublocalización o colección R.95620
Holdings
Estatus retirado Estado de pérdida Estado de daño No para préstamo Biblioteca de origen Biblioteca actual Ubicación en estantería Fecha de adquisición Fuente de adquisición Total de préstamos Signatura topográfica completa Código de barras Visto por última vez Precio de reemplazo Tipo de ítem Koha
        Biblioteca del Ateneo de Madrid Biblioteca del Ateneo de Madrid Sala Pecera Planta 1 17/01/2008     A-6531 1151507 23/02/2023 23/02/2023 Libro impreso